| 000 | 01328cam a2200169 4500500 | ||
|---|---|---|---|
| 005 | 20260405040637.0 | ||
| 041 | _afre | ||
| 042 | _adc | ||
| 100 | 1 | 0 |
_aLancrey-Javal, Romain _eauthor |
| 700 | 1 | 0 |
_aVassevière, Jacques _eauthor |
| 700 | 1 | 0 |
_aVassevière, Maryse _eauthor |
| 700 | 1 | 0 |
_aVigier, Luc _eauthor |
| 245 | 0 | 0 | _aManuel d'analyse des textes : Histoire littéraire et poétique des genres |
| 260 |
_bArmand Colin,
_c2023. |
||
| 520 | _aPour les étudiants en lettres, l’entrée à l’université ou en classe préparatoire n’est pas toujours sans périls. Ce livre souhaite les aider à réussir en leur offrant – et c’est là son originalité – un ensemble de ressources en matière d’histoire littéraire, de poétique des genres et de méthodologie ; ils pourront ainsi, de manière autonome, développer leurs compétences d’analyse des textes et leurs connaissances. À cet effet, des rubriques d’observations et analyses, suivies d’exercices facilitent leurs mises en œuvre. Cette nouvelle édition s’enrichit notamment d’un chapitre sur l’autobiographie, d’exercices supplémentaires et de prolongements importants dans la rubrique « Compléments ». | ||
| 856 | 4 | 1 | _uhttps://shs.cairn.info/manuel-d-analyse-des-textes--9782200636265?lang=fr&redirect-ssocas=7080 |
| 999 |
_c2163843 _d2163843 |
||